Obálka Náhled e-knihy:
Epub
Pro půjčování e-knih musíte být přihlášeni.
Jak si půjčit online?

V pasti /

Sbírka psychologických povídek, v nichž autorka zúročila léta praxe v roli dětské psycholožky a čerpala z životních příběhů skutečných lidí.

Uloženo v:
Hlavní autor: Janečková, Klára, 1979- (Autor)
Médium: E-kniha
Jazyk:Czech
Vydáno: Praha : Ikar, 2023
Vydání:Vydání první
Témata:
Tagy:
Žádné tagy
LEADER 02531nam a2200397 i 4500
001 311844
003 CZ PrSKC
005 20260601215712.0
007 ta
008 230214s2023 xr g 000 j cze
015 |a cnb003478226 
020 |a 9788024950259  |q (vázáno) 
035 |a (OCoLC)1375350474 
040 |a ABG001  |b cze  |d ABA001  |e rda 
072 7 |a 821.162.3-3  |x Česká próza  |2 Konspekt 
080 |a 821.162.3-32  |2 MRF 
080 |a (0:82-321.1)  |2 MRF 
100 1 |a Janečková, Klára,  |d 1979-  |7 xx0004279  |4 aut 
245 1 0 |a V pasti /  |c Klára Janečková 
250 |a Vydání první 
264 1 |a Praha :  |b Ikar,  |c 2023 
300 |a 247 stran ;  |c 21 cm 
336 |a text  |b txt  |2 rdacontent 
337 |a bez média  |b n  |2 rdamedia 
338 |a svazek  |b nc  |2 rdacarrier 
520 2 |a Sbírka psychologických povídek, v nichž autorka zúročila léta praxe v roli dětské psycholožky a čerpala z životních příběhů skutečných lidí.  |b Karla se potýká s dávným traumatem, Madlen se snaží odpoutat od despotického partnera a Irena překonává zklamání z nevydařeného manželství. Většina z nás se alespoň jednou za život setkala s problémem, jenž se jevil jako neřešitelný. Mnohdy se do takové situace dostaneme vlastním přičiněním, někdy jsou ale na vině nemilosrdná kola osudu, která nás zastihnou nepřipravené. Hrdinové této povídkové sbírky na takové zdánlivě nepřekonatelné překážky narážejí - ocitají se takzvaně v pasti - a každý z nich se s tím pere po svém. Sbírka povídek V pasti odkrývá lidské slabosti, trápení, ale také odvahu jim čelit. Upozorňuje na nebezpečí internetových seznamek a sociálních sítí a poodhaluje svět dnešní mládeže, který je temnější a komplikovanější, než se na první pohled zdá. Nakladatelská anotace. Kráceno. 
655 7 |a české povídky  |7 fd133971  |2 czenas 
655 7 |a psychologické povídky  |7 fd278578  |2 czenas 
655 9 |a Czech short stories  |2 eczenas 
655 9 |a psychological short stories  |2 eczenas 
900 |a ABA001  |b 19 
928 9 |a Euromedia Group - Ikar 
044 |a xr 
910 |a RBIT002 
998 |d 367894  |a https://core.palmknihy.cz/api/books/367894/cover?rpt22l  |b https://core.palmknihy.cz/api/books/367894/cover/400?rpt22l  |c https://core.palmknihy.cz/api/books/367894/cover/50?rpt22l  |e 2029-06-03  |g 248  |i 9788024950259  |j https://core.palmknihy.cz/api/books/367894/preview.epub  |l   |q 49  |r 1  |s https://www.palmknihy.cz/kniha/367894  |t ebook  |y 2023  |z 0 
999 |d 311842